Marie-Magdeleine / (Record no. 172741)

MARC details
000 -LEADER
campo de control de longitud fija 00673nam a22002055i 4500
001 - NÚMERO DE CONTROL
campo de control 172741
003 - IDENTIFICADOR DE NÚMERO DE CONTROL
campo de control ES-MaACL
005 - FECHA Y HORA DE LA ÚLTIMA TRANSACCIÓN
campo de control 20250520195916.0
008 - DATOS DE LONGITUD FIJA--INFORMACIÓN GENERAL
campo de control de longitud fija 090907q1910 xxu 000 d eng d
080 ## - NÚMERO DE LA CLASIFICACIÓN DECIMAL UNIVERSAL
Número de la Clasificación Decimal Universal 782.1(083.97)
100 1# - ENTRADA PRINCIPAL--NOMBRE DE PERSONA
Nombre de persona Gallet, Louis.
9 (RLIN) 53608
245 10 - MENCIÓN DEL TÍTULO
Título Marie-Magdeleine /
Mención de responsabilidad, etc. poème de Louis Gallet ; musique de J. Massenet.
260 ## - PUBLICACIÓN, DISTRIBUCIÓN, ETC.
Lugar de publicación, distribución, etc. [S.l. :
Nombre del editor, distribuidor, etc. s.n.,
Fecha de publicación, distribución, etc. ca. 1910]
300 ## - DESCRIPCIÓN FÍSICA
Extensión [32] p. ;
Dimensiones 23 cm.
500 ## - NOTA GENERAL
Nota general Texto en francés e inglés.
650 #4 - PUNTO DE ACCESO ADICIONAL DE MATERIA--TÉRMINO DE MATERIA
Término de materia o nombre geográfico como elemento de entrada Óperas-
Subdivisión de forma Libretos.
9 (RLIN) 137584
700 1# - ENTRADA AGREGADA--NOMBRE PERSONAL
Nombre de persona Massenet, Jules,
Fechas asociadas al nombre 1842-1912
9 (RLIN) 240595
852 4# - LOCALIZACIÓN
Ubicación ES-MaACL
Número de control de estantería 2298-F-22
Nota libre - Biblioteca Jacinto Martínez Lacalle
Holdings
Estatus retirado Estado de pérdida Estado de daño No para préstamo Colección Biblioteca de origen Biblioteca actual Ubicación en estantería Fecha de adquisición Fuente de adquisición Total de préstamos Signatura topográfica completa Código de barras Visto por última vez Precio de reemplazo Tipo de ítem Koha
        Colección de folletos Biblioteca del Ateneo de Madrid Biblioteca del Ateneo de Madrid Depósito folletos 09/09/2009     2298-F-22 1181333 23/02/2023 23/02/2023 Folleto